Nationalities in the Hungarian Kingdom - Statistics

General Stats
  • This quiz has been taken 216 times
  • The average score is 6 of 7
Answer Stats
Percentage Nationality % Correct
48.1% Hungarian
100%
14.1% Romanian
95%
9.4% Slovakian
93%
9.8% German
91%
5.3% Serbian
91%
8.8% Croatian
90%
2.3% Ukrainian (Ruthenian)
68%
No matching quizzes found
Score Distribution
Percent of People with Each Score
Percentile by Number Answered
Your Score History
You have not taken this quiz